000 00251nam a2200109Ia 4500
008 190216s9999||||xx |||||||||||||| ||und||
100 _aBali.N.P
245 0 _aGolden Statitics
260 _bLaxmi Publication Ltd
650 _aMathematics
942 _cBK
999 _c30719
_d30719